| 000 | 00814nam a2200253 i 4500 | ||
|---|---|---|---|
| 001 | bg | ||
| 100 | 1 | _aWEERMANN, Wolfgang | |
| 245 | 1 | 0 |
_aHörtexte Wirtschaftsdeutsch : _bBegleitheft mit Aufgaben und Transkriptionen : Kopiervorlagen / _cWolfgang Weerman. |
| 260 |
_aMünchen : _bKlett, _c1993. |
||
| 300 |
_a117 s. : _bfot., rys. ; _c25 cm + _e2 kasety dźw. |
||
| 500 | _aLehrbuchunabhängige Texte zu "Wirtschaft - auf Deutsch" und "Business- auf Deutsch". | ||
| 650 | _aJęzyk niemiecki | ||
| 650 | _aEkonomia | ||
| 655 | _aPodręczniki | ||
| 020 | _a3126752187 | ||
| 020 | _a3126752225 (2 kasety) | ||
| 040 | _cBPK | ||
| 041 | 0 | _ade | |
| 080 | _a803.0:33](07) | ||
| 920 | _a3-12-675218-7 | ||
| 920 | _a3-12-675222-5 (2 kasety) | ||
| 942 | _cKS | ||
| 008 | s pl f |000 0 pol | ||
| 999 |
_c6602 _d6602 |
||
| 856 |
_uhttp://koha.tu.koszalin.pl/cgi-bin/koha/opac-detail.pl?biblionumber=6602 _yKatalog online BPK |
||